000 01115nam a2200193 a 4500
001 000046082
005 20201002052627.0
008 150617s2011 dr r 000 0 spa d
020 _a9789945880823
040 _aDO-SdBNP
_bspa
_cBNPHU
082 _axxxx
_bB333n
100 1 _aBatista Lemaire, Olivier
_943251
245 1 0 _aNoche desvaída sobre una parada de autobús :
_by otras obras de teatro /
_cOliver Batista Lemaire ; edición Vivian Lechuga.
260 _aSanto Domingo :
_bCasa de Teatro,
_c2011.
300 _a263 p. ;
_c23 cm.
505 0 _gPrimer premio --
_tNoche desvaída sobre una parada de autobús /
_rOliver Batista Lemaire
_gSegundo premio --
_tMedea Argos Estigma (manuscrito antes de Eurípides)
_rRoberto Viña Martínez /
_gTercer premio --
_tLa capitana /
_rRicharson Antonio Díaz Rodríguez --
_gPrimera mención --
_tTestigos oculares /
_rFrancisco de la Cruz Mejía
_gSegunda mención --
_tLos cojones de la violencia /
_rBolívar Mejía --
_gTercera mención --
_tConquista /
_rMiguel Sabido.
586 _aPremio internacional de teatro, casa de teatro 2011
700 1 2 _aLechuga, Vivian,
_eed.
_910977
999 _c45571
_d45571